000 00696nam a2200241Ia 4500
001 dia_4027
003 CHAP
005 20251029151424.0
008 220117sS.A. xx 000 0 und d
010 _a174651
040 _cCHAP
090 _aFOLLETO 2572
100 _aComisión Nacional del Cacao. México
_9155623
245 _aLa pudrición negra del cacao y su control /
_c Comisión Nacional del Cacao. México
260 _aMéxico :
_b La comisión,
_cS.A.
300 _a20 p.
500 _aS/c
650 _aCacao
_xEnfermedades
_916941
901 _aFOLLETO 2572
902 _aM
905 _a000000S.A. mx A 0000000000spa00
942 _cFOLL
_2ddc
999 _c174651
_d174651